A Modine Hungária Kft. áruforgalmi tevékenységének elemző bemutatása

Bibliographic Details
Main Author: Kovács Flóra
Other Authors: Kozák Dr. Tamás
Format: Project work
Kulcsszavak:Áruforgalmi tevékenység elemzése
Áruforgalom
Logisztika
Online Access:http://dolgozattar.uni-bge.hu/22555

MARC

LEADER 00000nnm a2200000 i 4500
001 dolg22555
005 20190905150318.0
008 190522suuuu hu o 000 hun d
040 |a BGE Dolgozattár Repozitórium  |b hun 
041 |a hu 
100 1 |a Kovács Flóra 
245 1 2 |a A Modine Hungária Kft. áruforgalmi tevékenységének elemző bemutatása  |c Kovács Flóra  |h [elektronikus dokumentum] 
246 1 1 |a A Modine Hungária Kft. áruforgalmi tevékenységének elemző bemutatása 
516 |a Project_work 
695 |a Áruforgalmi tevékenység elemzése 
695 |a Áruforgalom 
695 |a Logisztika 
700 1 |a Kozák Dr. Tamás  |e ths 
856 4 0 |u http://dolgozattar.uni-bge.hu/22555/1/Kov%C3%A1cs%20Fl%C3%B3ra%20_W35OKR_KM.pdf  |z Dokumentum-elérés